000 003370000a22001450004500
003 MACL
040 _aMACL
090 _c8725
_d8724
100 _aRaj, Pankaj Kumar
245 _aLibrary and Society in Computer Era
260 _bCalvin Publication
_c2008
350 _a400
650 _aLibrary & Information Science
942 _cBOOK
_k020
999 _c8670
_d8670